| 000 | 00526nam a2200217Ia 4500 | ||
|---|---|---|---|
| 003 | OSt | ||
| 005 | 20220928151630.0 | ||
| 006 | a|||||r|||| 00| 0 | ||
| 007 | ta | ||
| 008 | 220927b |||||||| |||| 00| 0 eng d | ||
| 024 | _a129871 | ||
| 037 | _cTextual | ||
| 040 |
_aSDCL _cSDCL _beng |
||
| 041 |
_2eng _aeng |
||
| 082 | _aO152,1I83:g, L0 | ||
| 100 |
_aSharma _9393037 |
||
| 245 | 0 | _aSoor ki kavya sadhna. | |
| 260 | _c1970 | ||
| 942 |
_hO152,1I83:g, L0 _cTEXL _2CC |
||
| 999 |
_c852306 _d852306 |
||